| 000 | 01006nam a2200277 i 4500 | ||
|---|---|---|---|
| 001 | bgj | ||
| 100 | 1 |
_aSWIFT, Jonathan _d(1667-1745) |
|
| 245 | 1 | 0 |
_aGulliver's Travels : _binto several remote nations of the world by Jonathan Swift (Lemuel Gulliver) first surgeon and then a captain of several ships / _cby Jonathan Swift ; with an introduction by W. D. Howells ; and more than hundred illustrations by Louis Rhead. |
| 260 |
_aNew York : _bBooks, Inc., _cc. 1941. |
||
| 300 |
_aXVIII, 351 pp : _bdrawings, maps ; _c22 cm. |
||
| 650 | 9 | _aFantasy fiction | |
| 650 | 9 |
_aImaginary societes _yEarly works to 1800 |
|
| 650 | 9 | _aTravelers | |
| 650 | 9 | _aSatire | |
| 650 | 9 | _aUtopian | |
| 650 | 9 | _aUtopias | |
| 650 | 9 |
_aImaginary |Voyages _yEarly works to 1800 |
|
| 650 | 9 | _aVoyages and travels | |
| 655 | _aFiction | ||
| 700 | 1 |
_aHowells, William Dean _d(1837-1920). |
|
| 700 | 1 |
_aRHEAD, Louis. _eill. |
|
| 040 | _cBPK | ||
| 041 | 0 | _aeng | |
| 942 | _cKS | ||
| 008 | s uk f |000 0 eng | ||
| 999 |
_c48783 _d48783 |
||